| 000 | 00000nam##2200000za#4500 |
| 001 | 9.602125 |
| 003 | CaOODSP |
| 005 | 20241210082324 |
| 007 | cr ||||||||||| |
| 008 | 150406|1997||||xxc|||||o f|0| 0 fre|d |
| 022 | |a1701-9419 |
| 040 | |aCaOODSP|bfre |
| 043 | |an-cn--- |
| 086 | 1 |aFB3-2/97-3F-PDF |
| 110 | 2 |aBanque du Canada. |
| 245 | 13|aLa courbe de Phillips au Canada : |h[ressource électronique]|bun examen de quelques hypothèses / |c[par] Jean-François Fillion et André Léonard. |
| 260 | |aOttawa - Ontario : |bBanque du Canada |cJanvier 1997. |
| 300 | |a38p.|bgraphiques, tableaux |
| 490 | 1 |aBanque du Canada - document de travail|x1701-9419|v97-3 |
| 500 | |a«La présente étude, qui s'inspire de diverses recherches effectuées sur la dynamique des prix au Canada, examine certaines hypothèses susceptibles d'expliquer la piètre qualité des prévisions réalisées récemment à l'aide de la courbe de Phillips traditionnelle.»--Résumé. |
| 500 | |aL'ISSN (1192-5434) de l'édition imprimée a été incorrectement copié dans l'édition électronique. |
| 504 | |aBibliographie. |
| 520 | 3 |aLa présente étude, qui s'inspire de diverses recherches effectuées sur la dynamique des prix au Canada, examine certaines hypothèses susceptibles d'expliquer la piètre qualité des prévisions réalisées récemment à l'aide de la courbe de Phillips traditionnelle.--Résumé |
| 546 | |aAbstract in English. |
| 590 | |a11-19-Supp|b2011-09-23 |
| 720 | 1 |aFillion, Jean-François |
| 720 | 1 |aLéonard, André |
| 776 | 0#|tLa courbe de Phillips au Canada : |w(CaOODSP)9.624182 |
| 830 | #0|aDocument de travail (Banque du Canada)|x1701-9419|v97-3|w(CaOODSP)9.501087 |
| 856 | 40|ahttp://publications.gc.ca|qPDF|s162 Ko|uhttps://publications.gc.ca/collections/Collection/FB3-2-97-3F.pdf|y97-3 |